| 000 | 00000nas##2200000za#4500 |
| 001 | 9.504677 |
| 003 | CaOODSP |
| 005 | 20200331212534 |
| 007 | cr ||||||||||| |
| 008 | 150406c2002||||xxc|| p o||||f| |0eng|d |
| 040 | |aCaOODSP|beng |
| 043 | |an-cn--- |
| 086 | 1 |aP60-4/1E-IN |
| 110 | 1 |aCanada. |bPublic Works and Government Services Canada. |
| 245 | 10|aStandard acquisition clauses and conditions manual / |h[electronic resource]|cPrepared by Operational Policy Directorate. |
| 260 | |aOttawa - Ontario : |bPublic Works and Government Services Canada |
| 310 | |aIrregular |
| 500 | |aOther title: SACC manual. |
| 500 | |aLater issues are available under catalogue number P26-2E-PDF. |
| 775 | 08|tClauses et conditions uniformisées d'achat / |w(CaOODSP)9.501090 |
| 776 | 0#|tStandard acquisition clauses and conditions / |w(CaOODSP)9.515064 |
| 785 | 00|tStandard acquisition clauses and conditions (SACC) / |w(CaOODSP)9.504970 |